[Event "Kstovo Chess Hopes op"]
[Site "Kstovo"]
[Date "2015.06.25"]
[Round "2"]
[White "Kuzmin, Stepan"]
[Black "Baryshev, Sergey"]
[Result "1/2-1/2"]
[WhiteElo "1414"]
[BlackElo "1740"]
[PlyCount "34"]
[EventDate "2015.06.24"]
[EventType "swiss"]
[EventRounds "9"]
[EventCountry "RUS"]
[SourceTitle "CBM 167 Extra"]
[Source "ChessBase"]
[SourceDate "2015.09.14"]
[SourceVersion "1"]
[SourceVersionDate "2015.09.14"]
[SourceQuality "1"]

1. d4 g6 2. c4 b6 3. e4 Bb7 4. Nc3 Bg7 5. f3 e5 6. Be3 Nc6 7. Nge2 Nge7 8. Qd2 f5 9. 0-0-0 f4 10. Bf2 Na5 11. b3 Nec6 12. g3 g5 13. h4 h6 14. hxg5 hxg5 15. Rxh8+ Bxh8 16. gxf4 gxf4 17. dxe5 Bxe5 1/2-1/2

[Event "Nizhnij Novgorod Region-ch"]
[Site "Nizhnij Novgorod"]
[Date "2013.10.19"]
[Round "9"]
[White "Baryshev, Sergey"]
[Black "Ruzanov, Vadim"]
[Result "0-1"]
[WhiteElo "1738"]
[BlackElo "1864"]
[PlyCount "108"]
[EventDate "2013.10.19"]
[EventType "swiss"]
[EventRounds "9"]
[EventCountry "RUS"]
[SourceTitle "EXT 2022"]
[Source "ChessBase"]
[SourceDate "2021.10.06"]
[SourceVersion "1"]
[SourceVersionDate "2021.10.06"]
[SourceQuality "1"]

1. e4 e5 2. Nf3 Nf6 3. Nc3 Nc6 4. a3 Be7 5. Bc4 0-0 6. d4 exd4 7. Nxd4 Ne5 8. Ba2 d6 9. h3 h6 10. Nf5 Bxf5 11. exf5 c6 12. Be3 d5 13. Qe2 Bd6 14. 0-0-0 Re8 15. g4 Qa5 16. Nb1 Bc5 17. g5 Bxe3+ 18. fxe3 hxg5 19. Rhg1 Ne4 20. Nd2 Nxd2 21. Rxd2 f6 22. h4 g4 23. Rg3 Qc7 24. Qf2 Kh7 25. Rd1 Re7 26. h5 Rh8 27. Rh1 Kg8 28. e4 Rd7 29. Qxa7 Kf8 30. Qc5+ Qd6 31. Qxd6+ Rxd6 32. exd5 cxd5 33. Rb3 b6 34. Rb5 Nc4 35. Rb4 Ne3 36. Ra4 Ke7 37. Ra7+ Rd7 38. Rxd7+ Kxd7 39. Kd2 Nxf5 40. Bxd5 Kd6 41. Bf7 Ke5 42. Bg6 Rd8+ 43. Kc3 Ng3 44. Re1+ Kf4 45. Re7 Kg5 46. Rb7 Nxh5 47. Be4 f5 48. Bc6 f4 49. Rxb6 f3 50. Be4 Nf4 51. Rb5+ Kh4 52. Rf5 g5 53. Bd3 Rxd3+ 54. cxd3 f2 0-1

[Event "Kstovo Chess Hopes op"]
[Site "Kstovo"]
[Date "2013.06.25"]
[Round "4"]
[White "Markovsky, Georgy"]
[Black "Baryshev, Sergey"]
[Result "1-0"]
[WhiteElo "1731"]
[BlackElo "1740"]
[PlyCount "57"]
[EventDate "2013.06.24"]
[EventType "swiss"]
[EventRounds "9"]
[EventCountry "RUS"]
[SourceTitle "EXT 2018"]
[Source "ChessBase"]
[SourceDate "2017.10.13"]
[SourceVersion "1"]
[SourceVersionDate "2017.10.13"]
[SourceQuality "1"]

1. e4 c5 2. Nf3 Nc6 3. d4 cxd4 4. Nxd4 Nxd4 5. Qxd4 e6 6. Be2 b6 7. 0-0 Bb7 8. Be3 Nf6 9. Nc3 Bc5 10. Qd3 0-0 11. Bg5 Be7 12. e5 Ne8 13. Bxe7 Qxe7 14. Rad1 Qg5 15. Qg3 Qxg3 16. hxg3 Bc6 17. Bb5 Bxb5 18. Nxb5 a6 19. Nc3 Ra7 20. Rd2 f5 21. Rfd1 Rf7 22. Na4 Rb7 23. c4 Kf8 24. c5 b5 25. Nb6 Nc7 26. Rxd7 Nd5 27. Rxb7 Rxb7 28. Nxd5 exd5 29. Rxd5 1-0

[Event "Kstovo Chess Hopes op"]
[Site "Kstovo"]
[Date "2013.06.24"]
[Round "2"]
[White "Jevtushenko, VV."]
[Black "Baryshev, Sergey"]
[Result "1/2-1/2"]
[WhiteElo "1801"]
[BlackElo "1740"]
[PlyCount "32"]
[EventDate "2013.06.24"]
[EventType "swiss"]
[EventRounds "9"]
[EventCountry "RUS"]
[SourceTitle "EXT 2018"]
[Source "ChessBase"]
[SourceDate "2017.10.13"]
[SourceVersion "1"]
[SourceVersionDate "2017.10.13"]
[SourceQuality "1"]

1. e4 c5 2. f4 Nc6 3. Nf3 g6 4. Nc3 Bg7 5. Bc4 e6 6. d3 a6 7. a3 b5 8. Ba2 Bb7 9. Be3 d6 10. 0-0 Nf6 11. e5 Ng4 12. Qe1 0-0 13. exd6 Bxc3 14. bxc3 Qxd6 15. h3 Nxe3 16. Qxe3 Ne7 1/2-1/2

[Event "Nizhnij Novgorod Region-ch"]
[Site "Nizhnij Novgorod"]
[Date "2012.10.10"]
[Round "?"]
[White "Kuznetcov, Aleksander"]
[Black "Baryshev, Sergey"]
[Result "0-1"]
[WhiteElo "2030"]
[BlackElo "1770"]
[PlyCount "48"]
[EventDate "2012.10.06"]
[EventType "swiss"]
[EventRounds "9"]
[EventCountry "RUS"]
[SourceTitle "EXT 2022"]
[Source "ChessBase"]
[SourceDate "2021.10.06"]
[SourceVersion "1"]
[SourceVersionDate "2021.10.06"]
[SourceQuality "1"]

1. e4 g6 2. d4 d6 3. Nf3 Bg7 4. Be3 Nf6 5. Nbd2 b6 6. Bd3 Bb7 7. h3 Nc6 8. c3 0-0 9. Qc2 e6 10. 0-0 e5 11. d5 Ne7 12. Rfe1 Nh5 13. Bf1 f5 14. Ng5 f4 15. Ne6 Qd7 16. Nf3 fxe3 17. Rxe3 Bh6 18. Nfg5 Bxg5 19. Nxg5 Nf4 20. g3 h6 21. gxf4 exf4 22. Ne6 fxe3 23. fxe3 Rf6 24. Nf4 Raf8 0-1

[Event "Kstovo Chess Hopes op"]
[Site "Kstovo"]
[Date "2012.07.??"]
[Round "5"]
[White "Malyshev, Nikita"]
[Black "Baryshev, Sergey"]
[Result "1/2-1/2"]
[WhiteElo "1868"]
[BlackElo "1849"]
[PlyCount "51"]
[EventDate "2012.07.??"]
[EventType "swiss"]
[EventRounds "9"]
[EventCountry "RUS"]
[SourceTitle "EXT 2014"]
[Source "ChessBase"]
[SourceDate "2013.11.20"]
[SourceVersion "1"]
[SourceVersionDate "2013.11.20"]
[SourceQuality "1"]

1. d4 Nf6 2. c4 c5 3. e3 g6 4. Nc3 cxd4 5. exd4 Bg7 6. Nf3 0-0 7. Be2 d6 8. 0-0 Bg4 9. h3 Bd7 10. Bg5 Nc6 11. Qd2 a6 12. Bh6 e5 13. Bxg7 Kxg7 14. d5 Ne7 15. c5 Bf5 16. cxd6 Qxd6 17. Rfd1 Rfd8 18. Qe3 e4 19. Ng5 Qe5 20. f4 Nfxd5 21. fxe5 Nxe3 22. Rxd8 Rxd8 23. Ngxe4 Nc6 24. Kf2 Nc2 25. Rd1 Re8 26. Nd6 1/2-1/2

[Event "Kstovo Chess Hopes op"]
[Site "Kstovo"]
[Date "2012.07.??"]
[Round "9"]
[White "Vybin, Sergey"]
[Black "Baryshev, Sergey"]
[Result "0-1"]
[WhiteElo "1784"]
[BlackElo "1849"]
[PlyCount "24"]
[EventDate "2012.07.??"]
[EventType "swiss"]
[EventRounds "9"]
[EventCountry "RUS"]
[SourceTitle "EXT 2014"]
[Source "ChessBase"]
[SourceDate "2013.11.20"]
[SourceVersion "1"]
[SourceVersionDate "2013.11.20"]
[SourceQuality "1"]

1. Nf3 e6 2. g3 c5 3. Bg2 Nc6 4. d4 d5 5. 0-0 Nf6 6. c4 dxc4 7. Qa4 Bd7 8. Qxc4 b5 9. Qd3 c4 10. Qd1 Rc8 11. a3 Qa5 12. b4 Bxb4 0-1

[Event "Nizhnij Novgorod Dubinin Memorial 18th"]
[Site "Nizhnij Novgorod"]
[Date "2011.01.03"]
[Round "?"]
[White "Baryshev, Sergey"]
[Black "Smirnov, Andrey"]
[Result "1/2-1/2"]
[WhiteElo "1809"]
[BlackElo "2184"]
[PlyCount "30"]
[EventDate "2011.01.03"]
[EventType "swiss"]
[EventRounds "9"]
[EventCountry "RUS"]
[SourceTitle "EXT 2012"]
[Source "ChessBase"]
[SourceDate "2011.11.24"]
[SourceVersion "1"]
[SourceVersionDate "2011.11.24"]
[SourceQuality "1"]

1. e4 c5 2. Bc4 Nc6 3. d3 g6 4. a3 Bg7 5. Nc3 e6 6. Nf3 Nge7 7. 0-0 Bxc3 8. bxc3 d5 9. exd5 exd5 10. Bb3 Bg4 11. h3 Bxf3 12. Qxf3 Ne5 13. Qf6 0-0 14. Qxe5 Rc8 15. Bg5 Rc7 1/2-1/2

[Event "Nizhnij Novgorod-ch"]
[Site "Nizhnij Novgorod"]
[Date "2010.03.??"]
[Round "?"]
[White "Baryshev, Sergey"]
[Black "Stepanushkin, Alexander"]
[Result "0-1"]
[WhiteElo "1849"]
[BlackElo "2035"]
[PlyCount "80"]
[EventDate "2010.03.13"]
[EventType "swiss"]
[EventRounds "9"]
[EventCountry "RUS"]
[SourceTitle "EXT 2022"]
[Source "ChessBase"]
[SourceDate "2021.10.06"]
[SourceVersion "1"]
[SourceVersionDate "2021.10.06"]
[SourceQuality "1"]

1. e4 c5 2. c4 Nc6 3. Nc3 g6 4. d3 Bg7 5. Nf3 a6 6. Be2 d6 7. 0-0 Rb8 8. Rb1 b5 9. cxb5 axb5 10. d4 b4 11. Nb5 Qa5 12. dxc5 Rxb5 13. Bxb5 Qxb5 14. cxd6 Nf6 15. e5 Ng4 16. dxe7 Nxe7 17. Bg5 Nxe5 18. Nxe5 Bxe5 19. Bxe7 Kxe7 20. Re1 Be6 21. a4 Qb8 22. h3 Rc8 23. Qe2 Bd4 24. Qd2 Qb6 25. Re4 Bc5 26. Qg5+ Kf8 27. Qh6+ Kg8 28. Rf1 Bf8 29. Qg5 Rc2 30. h4 Bc4 31. a5 Qa7 32. Rd1 Qxf2+ 33. Kh1 Bf1 34. Rg4 h5 35. Rg3 Be7 36. Qe3 Bxg2+ 37. Kh2 Bf3+ 38. Qxf2 Rxf2+ 39. Kg1 Bxd1 40. Kxf2 Bxh4 0-1

[Event "Nizhnij Novgorod-ch"]
[Site "Nizhnij Novgorod"]
[Date "2010.03.??"]
[Round "?"]
[White "Gorozhanin, Mikhail"]
[Black "Baryshev, Sergey"]
[Result "1-0"]
[WhiteElo "1940"]
[BlackElo "1849"]
[PlyCount "63"]
[EventDate "2010.03.13"]
[EventType "swiss"]
[EventRounds "9"]
[EventCountry "RUS"]
[SourceTitle "EXT 2022"]
[Source "ChessBase"]
[SourceDate "2021.10.06"]
[SourceVersion "1"]
[SourceVersionDate "2021.10.06"]
[SourceQuality "1"]

1. d4 d5 2. c4 dxc4 3. e3 b5 4. a4 c6 5. axb5 cxb5 6. Qf3 Nc6 7. Qxc6+ Bd7 8. Qa6 e6 9. Nf3 Nf6 10. Be2 Be7 11. 0-0 0-0 12. b3 cxb3 13. Bxb5 Bxb5 14. Qxb5 Rb8 15. Qe2 Qb6 16. Bb2 Rfc8 17. Nc3 a5 18. Rfc1 Bb4 19. Qd3 Bxc3 20. Rxc3 Nd5 21. Rxc8+ Rxc8 22. e4 Rc2 23. exd5 Rxb2 24. dxe6 fxe6 25. Ng5 g6 26. Qf3 Qa7 27. Qc3 Ra2 28. Re1 a4 29. Qc8+ Kg7 30. Nxe6+ Kf6 31. Qh8+ Ke7 32. Qd8+ 1-0

[Event "Nizhnij Novgorod-ch"]
[Site "Nizhnij Novgorod"]
[Date "2010.03.??"]
[Round "?"]
[White "Mazhukin, Evgeny"]
[Black "Baryshev, Sergey"]
[Result "1-0"]
[WhiteElo "1777"]
[BlackElo "1849"]
[PlyCount "73"]
[EventDate "2010.03.13"]
[EventType "swiss"]
[EventRounds "9"]
[EventCountry "RUS"]
[SourceTitle "EXT 2022"]
[Source "ChessBase"]
[SourceDate "2021.10.06"]
[SourceVersion "1"]
[SourceVersionDate "2021.10.06"]
[SourceQuality "1"]

1. d4 e6 2. c4 d5 3. Nc3 Nf6 4. Bg5 Be7 5. Nf3 Ne4 6. Bxe7 Nxc3 7. Bxd8 Nxd1 8. Bxc7 Nxb2 9. cxd5 exd5 10. e3 Nc4 11. Nd2 Be6 12. Rb1 b6 13. Be2 0-0 14. Nxc4 dxc4 15. Bf3 Na6 16. Bxa8 Nxc7 17. Bf3 Rd8 18. a4 f5 19. Kd2 Nd5 20. Bxd5 Bxd5 21. f3 Kf7 22. Kc3 Rd6 23. a5 Re6 24. Rhe1 g5 25. Rb5 Rd6 26. axb6 axb6 27. e4 fxe4 28. fxe4 Bb7 29. Rxg5 Ba6 30. Rf1+ Ke8 31. Rg8+ Kd7 32. d5 Kc7 33. Rf7+ Rd7 34. Rxd7+ Kxd7 35. e5 b5 36. Rg7+ Kd8 37. Rxh7 1-0

[Event "Nizhnij Novgorod Region-ch op"]
[Site "Nizhnij Novgorod"]
[Date "2008.10.??"]
[Round "3"]
[White "Lukin, Evgeny"]
[Black "Baryshev, Sergey"]
[Result "1-0"]
[WhiteElo "2250"]
[BlackElo "1879"]
[PlyCount "37"]
[EventDate "2008.10.04"]
[EventType "swiss"]
[EventRounds "9"]
[EventCountry "RUS"]
[SourceTitle "EXT 2022"]
[Source "ChessBase"]
[SourceDate "2021.10.06"]
[SourceVersion "1"]
[SourceVersionDate "2021.10.06"]
[SourceQuality "1"]

1. d4 e6 2. c4 c5 3. d5 d6 4. Nc3 e5 5. e4 Be7 6. Be2 Nf6 7. Nf3 h6 8. h3 Nbd7 9. 0-0 Nf8 10. Be3 Ng6 11. Qd2 Nh7 12. a3 Ng5 13. Kh2 Nxf3+ 14. Bxf3 Nh4 15. Bd1 Bg5 16. f4 Bf6 17. f5 0-0 18. g3 Ng6 19. fxg6 1-0

[Event "Nizhnij Novgorod Voroniatov Memor 5th"]
[Site "Nizhnij Novgorod"]
[Date "2008.06.14"]
[Round "?"]
[White "Semenov, Maxim"]
[Black "Baryshev, Sergey"]
[Result "1-0"]
[WhiteElo "1950"]
[BlackElo "1871"]
[PlyCount "45"]
[EventDate "2008.06.14"]
[EventType "swiss"]
[EventRounds "9"]
[EventCountry "RUS"]
[SourceTitle "EXT 2022"]
[Source "ChessBase"]
[SourceDate "2021.10.06"]
[SourceVersion "1"]
[SourceVersionDate "2021.10.06"]
[SourceQuality "1"]

1. Nf3 c5 2. e4 Nc6 3. d4 cxd4 4. Nxd4 e5 5. Nb5 d6 6. N1c3 Be6 7. Nd5 Bxd5 8. exd5 Nce7 9. c3 Qd7 10. Qb3 a6 11. Be3 Nf6 12. 0-0-0 Nc8 13. Qa4 Ke7 14. h3 g6 15. f4 exf4 16. Qxf4 Bg7 17. Bd4 Nh5 18. Qh4+ Kf8 19. Bxg7+ Kxg7 20. g4 axb5 21. gxh5 h6 22. hxg6 fxg6 23. Qd4+ 1-0

[Event "Nizhnij Novgorod Dubinin Memorial 15th"]
[Site "Nizhnij Novgorod"]
[Date "2008.01.??"]
[Round "?"]
[White "Baryshev, Sergey"]
[Black "Paley, Alexander"]
[Result "1-0"]
[WhiteElo "1881"]
[BlackElo "1989"]
[PlyCount "55"]
[EventDate "2008.01.??"]
[EventType "swiss"]
[EventRounds "9"]
[EventCountry "RUS"]
[SourceTitle "CBM 122 Extra"]
[Source "ChessBase"]
[SourceDate "2008.03.04"]
[SourceVersion "1"]
[SourceVersionDate "2008.03.04"]
[SourceQuality "1"]

1. e4 e5 2. Bc4 Nc6 3. Nc3 Nf6 4. d3 d6 5. f4 exf4 6. Bxf4 Bg4 7. Nf3 Nd4 8. 0-0 Nh5 9. Bxf7+ Kxf7 10. Ng5+ Ke8 11. Qxg4 Nxf4 12. Qxf4 Qf6 13. Qg4 Qg6 14. Nd5 h5 15. Nxc7+ Ke7 16. Qh4 Kd7 17. Rf7+ Be7 18. Nxa8 Ne2+ 19. Kh1 Rxa8 20. Raf1 Re8 21. c3 Kc6 22. R7f5 Qh6 23. Qf2 g6 24. Rf7 Nc1 25. Rxe7 Rxe7 26. Qf6 Kd7 27. Rxc1 Re5 28. h4 1-0

[Event "Nizhnij Novgorod Dubinin Memorial 15th"]
[Site "Nizhnij Novgorod"]
[Date "2008.01.??"]
[Round "?"]
[White "Remizov, Alexander"]
[Black "Baryshev, Sergey"]
[Result "1-0"]
[WhiteElo "1948"]
[BlackElo "1881"]
[PlyCount "61"]
[EventDate "2008.01.??"]
[EventType "swiss"]
[EventRounds "9"]
[EventCountry "RUS"]
[SourceTitle "CBM 122 Extra"]
[Source "ChessBase"]
[SourceDate "2008.03.04"]
[SourceVersion "1"]
[SourceVersionDate "2008.03.04"]
[SourceQuality "1"]

1. d4 f5 2. e4 Nf6 3. exf5 e6 4. fxe6 dxe6 5. Nf3 Nc6 6. Bg5 Be7 7. Bc4 0-0 8. Nc3 Kh8 9. Qd2 a6 10. a3 b5 11. Bb3 Ng4 12. Bxe7 Qxe7 13. h3 Nf6 14. 0-0 Na5 15. Ba2 Bb7 16. Qe2 Nc4 17. Bxc4 bxc4 18. Ne5 Nd5 19. Nxd5 Bxd5 20. f3 Rab8 21. c3 c5 22. Nxc4 cxd4 23. cxd4 Qh4 24. Rfd1 Qg3 25. Ne5 Rb3 26. Rd3 Rfb8 27. Rc1 h6 28. Rxb3 Rxb3 29. Rc8+ Kh7 30. Qc2+ g6 31. Qc7# 1-0